Welfare of the laying hen

Сохранить в:
Библиографические подробности
Формат:
Язык:Undetermined
Опубликовано: London CABI Publishing 2004
Предметы:
Метки: Добавить метку
Нет меток, Требуется 1-ая метка записи!
Thư viện lưu trữ: Trung tâm Học liệu Trường Đại học Cần Thơ
LEADER 00467nam a2200181Ia 4500
001 CTU_117733
008 210402s9999 xx 000 0 und d
082 |a 636.5 
082 |b W445 
245 0 |a Welfare of the laying hen 
245 0 |c Edited by G.C. Perry 
260 |a London 
260 |b CABI Publishing 
260 |c 2004 
650 |a Hens,Poultry 
650 |x Congress,Congress 
904 |i Truc 
980 |a Trung tâm Học liệu Trường Đại học Cần Thơ